Zawiet el-Mayetin nel III millennio a.C. /

محفوظ في:

المؤلف الرئيسي: Piacentini, Patrizia (مؤلف)

التنسيق: كتاب

اللغة: Italian

منشور في: Pisa : Giardini, [1993].

سلاسل: Monografie di SEAP. Series minor ; 4.

الموضوعات:

الوسوم: إضافة وسم

لا توجد وسوم, كن أول من يضع وسما على هذه التسجيلة!

رقم الطلب: DS41 .M48 v.4

LEADER 00839namaa2200253 4500
001 12423
003 OSt
005 20250327074945.0
008 190926s1993 it ab b 001 0 ita d
040 |c ARCE Library 
043 |a f-ua--- 
050 4 |a DS41 .M48 v.4 
100 1 |a Piacentini, Patrizia,  |e author  |9 37606 
245 1 0 |a Zawiet el-Mayetin nel III millennio a.C. /   |c Patrizia Piacentini. 
246 3 |a Zawiet el-Mayetin nel 3o millennio a.C. 
246 3 |a Zawiet el-Mayetin nel terzo millennio a.C. 
264 1 |a Pisa :  |b Giardini,  |c [1993]. 
300 |a 139 pages :  |b illustrations, map ;  |c 25 cm. 
490 0 |a Monografie di SEAP. Series minor ;   |v 4. 
504 |a Includes bibliographical references (pages 117-129) and indexes. 
651 0 |a Zāwiyat al-Amwāt Site (Egypt) 
901 |a reviewed 
942 |c BK  |2 lcc 
999 |c 10951  |d 10951